| 000 | 00424pab a2200145 454500 | ||
|---|---|---|---|
| 008 | 180718b xxu||||| |||| 00| 0 eng d | ||
| 100 | _aFreedman, David H. | ||
| 245 | _aSpecial employment programmes(SEPs) in developed and developing countries | ||
| 650 | _a Special Employment Programme | ||
| 650 | _a S.E.P. | ||
| 650 | _a Developing Country | ||
| 650 | _aEmployment | ||
| 773 | _aInternational Labour Review | ||
| 909 | _a3020 | ||
| 999 |
_c3020 _d3020 |
||